Kariera klubowa Edersona - Statystyki

Ogólne statystyki
  • Ten quiz został rozwiązany 410 razy
    15 od ostatniego zresetowania
  • Średni wynik to 3 z 5
Statystyki odpowiedzi
Lata gry Klub % Poprawnych
2017 - 2025 Manchester City
100%
2015 - 2017 Benfica
87%
2025 - obecnie Fenerbahçe SK
73%
2012 - 2015 Rio Ave
47%
2011 - 2012 Ribeirão
7%
Nie znaleziono quizów pasujących do podanych kryteriów
Rozkład punktacji
Procent ludzi z każdym wynikiem
Percentyl według liczby udzielonych odpowiedzi
Twoja historia wyników
Nie rozwiązałeś tego quizu od ostatniego zresetowania